Spell the Marvel Hero #45 - Statistics

General Stats
  • This quiz has been taken 15 times
  • The average score is 6 of 8
Answer Stats
Picture Answer % Correct
Punisher
100%
War Machine
100%
Agent Venom
93%
Armor
86%
Rictor
64%
Warpath
64%
Honey Badger
50%
Thunderbird
43%
No matching quizzes found
Score Distribution
Percent of People with Each Score
Percentile by Number Answered
Your Score History
You have not taken this quiz